Noise Pollution and Control (Record no. 329076)

000 -LEADER
fixed length control field nam a22 7a 4500
003 - CONTROL NUMBER IDENTIFIER
control field Nust
005 - DATE AND TIME OF LATEST TRANSACTION
control field 20170424110806.0
008 - FIXED-LENGTH DATA ELEMENTS--GENERAL INFORMATION
fixed length control field 170424b xxu||||| |||| 00| 0 eng d
020 ## - INTERNATIONAL STANDARD BOOK NUMBER
International Standard Book Number 8173193630
040 ## - CATALOGING SOURCE
Transcribing agency 0
082 ## - DEWEY DECIMAL CLASSIFICATION NUMBER
Classification number 363.74 SIN
100 ## - MAIN ENTRY--PERSONAL NAME
Personal name Singal,S.P
245 ## - TITLE STATEMENT
Title Noise Pollution and Control
Statement of responsibility, etc. S.P.Singal
260 ## - PUBLICATION, DISTRIBUTION, ETC.
Place of publication, distribution, etc. New Delhi
Name of publisher, distributor, etc. Narosha Publishing House
Date of publication, distribution, etc. 2000
300 ## - PHYSICAL DESCRIPTION
Extent 265p.
500 ## - GENERAL NOTE
General note P.B
942 ## - ADDED ENTRY ELEMENTS (KOHA)
Source of classification or shelving scheme
Koha item type Book
Call number prefix 363.74 SIN
Holdings
Withdrawn status Lost status Source of classification or shelving scheme Damaged status Not for loan Collection code Permanent Location Current Location Shelving location Date acquired Total Checkouts Full call number Barcode Date last seen Price effective from Koha item type
            Central Library (CL) Central Library (CL) General Stacks 04/24/2017   363.74 SIN IESE-730 04/24/2017 04/24/2017 Book
            Institute of Environmental Science and Engineering (IESE) Institute of Environmental Science and Engineering (IESE) General Stacks 04/24/2017   363.74 SIN IESE-805 04/24/2017 04/24/2017 Book
© 2023 Central Library, National University of Sciences and Technology. All Rights Reserved.